| 000 | 00673nam a2200229 a 4500 | ||
|---|---|---|---|
| 001 | 000031838 | ||
| 003 | OSt | ||
| 005 | 20201118122518.0 | ||
| 008 | 110706s2002 dr 000 0 spa d | ||
| 040 |
_aDO-SdBNP _bspa _cBNPHU |
||
| 049 | _a | ||
| 082 |
_a461.52 _bZ88ma |
||
| 100 | 1 |
_aZorrilla, Mercedes _936378 |
|
| 245 | 1 | 0 |
_aManual de consultas ortográficas / _cMercedes Zorrilla. |
| 260 |
_aSanto Domingo : _bAmigo del Hogar. _c2002 |
||
| 300 |
_a64 p. ; _c16 cm. |
||
| 590 | _aInventariado, 2020/VM | ||
| 650 | 4 |
_aLengua española _xGramática _vManuales _977300 |
|
| 650 | 4 |
_aEspañol _vManuales _xOrtografía _977301 |
|
| 910 | _aVMateo | ||
| 942 |
_2ddc _cLBS1 |
||
| 999 |
_c31330 _d31330 |
||